Research and report writing
Salvato in:
| Autore principale: | |
|---|---|
| Natura: | Libro |
| Lingua: | Undetermined |
| Pubblicazione: |
New York, Estados Unidos
Barnes and Noble
1967
|
| Soggetti: | |
| Tags: |
Aggiungi Tag
Nessun Tag, puoi essere il primo ad aggiungerne!!
|
MARC
| LEADER | 00000nam a2200000Ia 4500 | ||
|---|---|---|---|
| 008 | 170316s9999 xx 000 0 und d | ||
| 090 | |a 415-I C-5r | ||
| 100 | |a Cordasco, Francesco | ||
| 245 | |a Research and report writing | ||
| 260 | |a New York, Estados Unidos | ||
| 260 | |b Barnes and Noble | ||
| 260 | |c 1967 | ||
| 300 | |a 142 páginas | ||
| 650 | |a GRAMÁTICA INGLESA | ||
| 999 | |c 19329 |d 19329 | ||
| 040 | |a cru BVZT | ||
| 942 | |c 15 D |h 415-I C-5r |2 z | ||
